000 00649nam a2200169Ia 4500
008 090123s9999 xx 000 0 und d
082 _b33651
100 _aजायस्वाल जयनारायण
245 _aडोके दुखी व्यथा आणि कथा
250 _a3
260 _bगृह प्रकाशन
600 _aजायस्वाल जयनारायण
630 _aडोके दुखी व्यथा आणि कथा
700 _aजायस्वाल जयनारायण
730 _aडोके दुखी व्यथा आणि कथा
942 _cBOOK
999 _c71710
_d71710